Statistiques concernant Géographie par lettre - C

Cliquez ici pour prendre le quiz!

Statistiques générales

  • Ce quiz a été pris 13 421 fois
  • Le résultat moyen est 15 sur 24

Statistiques - réponses

allusionréponse% Correct
Capitale du DanemarkCopenhague
96%
Ville sur la Côte d'Azur avec un
festival du film célèbre
Cannes
92%
Ville la plus peuplée d'Afrique du NordLe {Caire}
88%
La plus grande mer intérieure du mondemer {Caspienne}
87%
Ville française la plus proche
de l'Angleterre
Calais
83%
Île divisée entre les Turcs et les GrecsChypre
83%
Île où Napoléon est néCorse
81%
Pays dans les BalkansCroatie
80%
Pays où le khmer est la langue officielleCambodge
73%
Le sport le plus populaire de l'Indecricket
72%
La plus grande ville du lac MichiganChicago
71%
Capitale du pays de gallesCardiff
65%
Pays contenant le territoire du NunavutCanada
62%
Rivière qui traverse le Grand CanyonColorado
55%
Ancien nom de KolkataCalcutta
54%
Dialecte du sud de la Chinecantonais
52%
Ancienne cité proche de TunisCarthage
51%
Île de la civilisation minoenneCrète
48%
La communauté chrétienne d'Égyptecoptes
38%
Yalta est sur cette péninsule de
la mer Noire
Crimée
38%
Ville de villégiature au YucatánCancún
35%
Ville principale en AlbertaCalgary
27%
Groupe ethnique Louisianais du
français acadien
Cadiens
19%
Tribu amérindienne la plus peupléeChérokée
17%

Distribution des résultats

Percentile par nombre de réponses

% des personnes avec chaque résultat

Votre développement - résultats

Vous n’avez pas pris ce quiz